000 00695nam a2200229Ia 4500
001 9923
003 GE_BSU
008 181216s||||||||xx |||||||||||||| ||und||
040 _cGE_BSU
080 _a821.353.1–1
100 _aნინუა,ტატო
245 _aალუბლის იალქნები
245 _bლექსები
245 _cრედ.ვ.ხარჩილავა.მხატვ.ზ.ხარაბაძე
260 _aთბილისი
260 _bმერანი
260 _c1994
300 _a80გვ.17სმ.
653 _aალუბლის იალქნები
653 _aლექსები
942 _cBK
999 _c43198
_d43198